Pěstování řepy cukrovky : praktický návod k pěstování řepy cukrovky s poučením o její životě, odrůdách, nárocích na podnebí, postupu a hnojení : s přehledem o hnojivech umělých, přípravě půdy, semenu, ošetřování, sklizni a výnosu : o škůdcích řepy a jich ničení jakož i o vyskytujících se nemocech /
Uložené v:
| Hlavný autor: | |
|---|---|
| Médium: | Kniha |
| Jazyk: | Czech |
| Vydané: |
Praha :
A. Reinwart,
1894.
|
| Vydanie: | 1. vyd. |
| ISBN: |
(brož.) |
| Fyzický popis: |
248 s. : il. |
| Tagy: |
Pridať tag
Žiadne tagy, Buďte prvý kto otaguje tento záznam!
|
Titul je dostupný aj v ... 

MARC
| LEADER | 00000nam a2200000 a 4500 | ||
|---|---|---|---|
| 001 | 000210821 | ||
| 005 | 20091214084900.0 | ||
| 008 | 080818s1894 xr cze d | ||
| 020 | |a (brož.) | ||
| 040 | |a SVKKK |b slo |c SVKKK |e AACR2 | ||
| 041 | 0 | |a cze | |
| 044 | |a xr |c CZ | ||
| 100 | 1 | |a Kolárský, Antonín, |d 1861-1945 |4 aut | |
| 245 | 1 | 0 | |a Pěstování řepy cukrovky : |b praktický návod k pěstování řepy cukrovky s poučením o její životě, odrůdách, nárocích na podnebí, postupu a hnojení : s přehledem o hnojivech umělých, přípravě půdy, semenu, ošetřování, sklizni a výnosu : o škůdcích řepy a jich ničení jakož i o vyskytujících se nemocech / |c Antonín Kolárský. |
| 250 | |a 1. vyd. | ||
| 260 | |a Praha : |b A. Reinwart, |c 1894. | ||
| 300 | |a 248 s. : |b il. | ||
| 910 | |a svkkk | ||
| 998 | |a BK | ||
| 090 | |g SCKHL |k HIS - študovňa |a III.18222 |j 87122 |i 2720444251 |s Príručka / Študovňa | ||